पर्यटन के विविध आयाम / (Record no. 119001)

MARC details
000 -LEADER
fixed length control field 01142nam a22002657a 4500
005 - DATE AND TIME OF LATEST TRANSACTION
control field 20170124103125.0
010 ## - LIBRARY OF CONGRESS CONTROL NUMBER
LC control number B-043650
020 ## - INTERNATIONAL STANDARD BOOK NUMBER
Terms of availability 200.00
035 ## - SYSTEM CONTROL NUMBER
System control number B-043650
037 ## - SOURCE OF ACQUISITION
Source of stock number/acquisition Cen Lib/Ret
040 ## - CATALOGING SOURCE
Original cataloging agency DPL
Language of cataloging HN
082 ## - DEWEY DECIMAL CLASSIFICATION NUMBER
Classification number 370.954
Item number रणजी
100 ## - MAIN ENTRY--PERSONAL NAME
Personal name रणजीत सिंह
9 (RLIN) 103832
245 ## - TITLE STATEMENT
Title पर्यटन के विविध आयाम /
Statement of responsibility, etc रणजीत सिंह
246 ## - VARYING FORM OF TITLE
Title proper/short title Bhartiya Shisha /
Remainder of title by Ranjit Singh
260 ## - PUBLICATION, DISTRIBUTION, ETC. (IMPRINT)
Place of publication, distribution, etc इलाहाबाद
Name of publisher, distributor, etc शिवम् प्रकाशन
Date of publication, distribution, etc 2000
270 ## - ADDRESS
Address 190 बी /10, राजरूपपुर
City इलाहाबाद
300 ## - PHYSICAL DESCRIPTION
Extent 160पृ.
Dimensions 21सेमी (सजिल्द )
500 ## - GENERAL NOTE
General note अनुक्रमणिका शामिल
650 ## - SUBJECT ADDED ENTRY--TOPICAL TERM
Topical term or geographic name as entry element प्राथमिक एवं पूर्व प्राथमिक शिक्षा
General subdivision
Geographic subdivision
9 (RLIN) 82878
650 ## - SUBJECT ADDED ENTRY--TOPICAL TERM
Topical term or geographic name as entry element उच्च शिक्षा--भारत
Form subdivision
9 (RLIN) 82879
650 ## - SUBJECT ADDED ENTRY--TOPICAL TERM
Topical term or geographic name as entry element Primary and pre-primary education
9 (RLIN) 82880
650 ## - SUBJECT ADDED ENTRY--TOPICAL TERM
Topical term or geographic name as entry element Higher education--India
9 (RLIN) 103833
942 ## - ADDED ENTRY ELEMENTS (KOHA)
Source of classification or shelving scheme Dewey Decimal Classification
Koha item type Hindi Books
Classification part 370.954
Call number suffix रणजी
Holdings
Withdrawn status Lost status Damaged status Not for loan Home library Current library Date acquired Source of acquisition Cost, normal purchase price Total Checkouts Full call number Barcode Date last seen Date checked out Copy number Cost, replacement price Price effective from Koha item type
        Central Library Central Library 14/09/2015 Cen Lib/Ret 200.00 2 370.954 रणजी B-043650 06/04/2018 13/03/2018 1 200.00 14/09/2015 Hindi Books

© Delhi Public Library
Hit Counter
free hit counter